🌸 Pink Map Quiz - Name North America Countries - Statistics

General Stats
  • This quiz has been taken 492 times
  • The average score is 20 of 23
Answers on the Map
Answers color-coded by a green-red scale on the quiz's map according to % correct below.
 
Answer Stats
Answer % Correct
United States
100%
Canada
99%
Mexico
99%
Cuba
95%
Panama
95%
Bahamas
92%
Haiti
92%
Honduras
92%
Jamaica
92%
Costa Rica
90%
Dominica
90%
Dominican Republic
90%
Guatemala
90%
Nicaragua
90%
Belize
89%
El Salvador
89%
Barbados
83%
St. Lucia
82%
Trinidad and Tobago
82%
Antigua and Barbuda
81%
St. Kitts and Nevis
81%
St. Vincent and theGrenadines
78%
Grenada
75%
No matching quizzes found
Score Distribution
Percent of People with Each Score
Percentile by Number Answered
Your Score History
You have not taken this quiz